Welcome to the Holygrace Academy Library

Please use search bar below to get started

THE KANE CHRONICLES (Record no. 3878)

MARC details
000 -LEADER
fixed length control field 00655nam a22001457a 4500
020 ## - INTERNATIONAL STANDARD BOOK NUMBER
ISBN 978-0-141-33570-4
082 ## - DEWEY DECIMAL CLASSIFICATION NUMBER
Classification number 823
Item number RIO/K
100 ## - MAIN ENTRY--AUTHOR NAME
Personal name RIORDAN, RICK
245 ## - TITLE STATEMENT
Title THE KANE CHRONICLES
Remainder of title THE SERPENT'S SHADOW
260 ## - PUBLICATION, DISTRIBUTION, ETC. (IMPRINT)
Place of publication UNITED KINGDOM
Name of publisher PUFFIN BOOKS
Year of publication 2012
300 ## - PHYSICAL DESCRIPTION
Number of Pages 403
520 ## - SUMMARY, ETC.
Summary, etc CARTER AND SADIE KANE, descendants of the magical House of Life, are in pretty big trouble. Despite their bravest efforts, Apophis, the giant snake of Chaos, is still threatening to plunge the world into eternal darkness. Now the Kanes must do something no magician has ever managed - defeat Apophis himself.
650 ## - SUBJECT ADDED ENTRY--TOPICAL TERM
Topical Term NOVEL
Geographic subdivision UNITED KINGDOM
942 ## - ADDED ENTRY ELEMENTS (KOHA)
Koha item type Books
Holdings
Withdrawn status Lost status Collection code Home library Current library Shelving location Date acquired Source of acquisition Full call number Accession Number Koha item type
    Fiction Main Library Main Library SHELF-14-K- ALPHABETICAL- R --ENGLISH NOVELS & FICTIONS 24/01/2019 purchase 823 RIO/K 10612 Books